Chủ nghĩa duy vật và chủ nghĩa kinh nghiệm phê phán
Nội dung giới thiệu những bài viết về lí luận nhận thức của chủ nghĩa kinh nghiệm phê phán và chủ nghĩa duy vật biện chứng, về những nhà triết học duy tâm, về chủ nghĩa kinh nghiệm phê phán và chủ nghĩa kinh nghiệm lịch sử,... của Lênin....
Na minha lista:
| Autor principal: | |
|---|---|
| Formato: | Livro |
| Idioma: | Undetermined |
| Publicado em: |
Hà Nội
Chính trị Quốc gia
2004
|
| Assuntos: | |
| Tags: |
Adicionar Tag
Sem tags, seja o primeiro a adicionar uma tag!
|
| Thư viện lưu trữ: | Trung tâm Học liệu Trường Đại học Cần Thơ |
|---|
| LEADER | 01005nam a2200217Ia 4500 | ||
|---|---|---|---|
| 001 | CTU_223978 | ||
| 008 | 210402s9999 xx 000 0 und d | ||
| 020 | |c 52500 | ||
| 082 | |a 335.4112 | ||
| 082 | |b L256 | ||
| 100 | |a Lênin, V. I. | ||
| 245 | 0 | |a Chủ nghĩa duy vật và chủ nghĩa kinh nghiệm phê phán | |
| 245 | 0 | |c V. I. Lênin | |
| 260 | |a Hà Nội | ||
| 260 | |b Chính trị Quốc gia | ||
| 260 | |c 2004 | ||
| 520 | |a Nội dung giới thiệu những bài viết về lí luận nhận thức của chủ nghĩa kinh nghiệm phê phán và chủ nghĩa duy vật biện chứng, về những nhà triết học duy tâm, về chủ nghĩa kinh nghiệm phê phán và chủ nghĩa kinh nghiệm lịch sử,... của Lênin. | ||
| 650 | |a Chủ nghĩa duy vật biên chứng,Dialectical materialism | ||
| 904 | |i Năm | ||
| 910 | |b dqhieu | ||
| 980 | |a Trung tâm Học liệu Trường Đại học Cần Thơ | ||